| 000 | 00000nam##2200000za#4500 |
| 001 | 9.572628 |
| 003 | CaOODSP |
| 005 | 20220111083118 |
| 007 | cr ||||||||||| |
| 008 | 150406|2001||||xxc|||||o f|0| 0 eng|d |
| 022 | |a1928-6414 |
| 040 | |aCaOODSP|beng |
| 043 | |an-cn--- |
| 086 | 1 |aNE22-1/2001-7E-PDF |
| 110 | 1 |aCanada. |bNational Energy Board. |
| 245 | 10|aReasons for decision in the matter of Westcoast Energy Inc. : |h[electronic resource]|bPine River Gas Plant - Sulphur Pipeline |
| 246 | 1 |iVariant title : |aWestcoast Energy Inc. |
| 260 | |aCalgary - Alberta : |bNational Energy Board |cOctober 2001. |
| 300 | |a38p.|bmaps, tables |
| 490 | 1 |aReasons for decision|x1928-6414|vMH-1-2001 |
| 500 | |aThe catalogue number (NE22-1/2001-7E) and ISBN (0-662-31119-1) for the print edition have been incorrectly copied in this electronic publication. |
| 590 | |a12-10-Supp|b2012-03-23 |
| 775 | 08|tMotifs de décision relativement à Westcoast Energy Inc. : |w(CaOODSP)9.602973 |
| 776 | 0#|tWestcoast Energy Inc : |w(CaOODSP)9.615793 |
| 830 | #0|aReasons for decision (Canada. National Energy Board)|x1928-6414|vMH-1-2001|w(CaOODSP)9.504480 |
| 856 | 40|ahttp://publications.gc.ca|qPDF|s729 KB|uhttps://publications.gc.ca/collections/Collection/NE22-1-2001-7E.pdf|yMH-1-2001 |